| 000 -LEADER |
| fixed length control field |
02518cam a2200361 a 4500 |
| 001 - CONTROL NUMBER |
| control field |
16152072 |
| 005 - DATE AND TIME OF LATEST TRANSACTION |
| control field |
20220609132118.0 |
| 008 - FIXED-LENGTH DATA ELEMENTS--GENERAL INFORMATION |
| fixed length control field |
100324s2007 inua b 000 0 eng d |
| 010 ## - LIBRARY OF CONGRESS CONTROL NUMBER |
| LC control number |
2010291373 |
| 020 ## - INTERNATIONAL STANDARD BOOK NUMBER |
| International Standard Book Number |
1934009067 |
| 020 ## - INTERNATIONAL STANDARD BOOK NUMBER |
| International Standard Book Number |
9781934009062 |
| 035 ## - SYSTEM CONTROL NUMBER |
| System control number |
(OCoLC)ocn173351110 |
| 040 ## - CATALOGING SOURCE |
| Original cataloging agency |
YDXCP |
| Transcribing agency |
YDXCP |
| Modifying agency |
TXA |
| -- |
SHH |
| -- |
OCLCG |
| -- |
UPM |
| -- |
AKP |
| -- |
NIE |
| -- |
DLC |
| 042 ## - AUTHENTICATION CODE |
| Authentication code |
lccopycat |
| 043 ## - GEOGRAPHIC AREA CODE |
| Geographic area code |
n-us--- |
| 050 00 - LIBRARY OF CONGRESS CALL NUMBER |
| Classification number |
LB3051 |
| Item number |
.A554 2007 |
| 082 04 - DEWEY DECIMAL CLASSIFICATION NUMBER |
| Classification number |
371.26 |
| 245 00 - TITLE STATEMENT |
| Title |
Ahead of the curve : |
| Remainder of title |
the power of assessment to transform teaching and learning / |
| Statement of responsibility, etc. |
[Douglas Reeves, editor]. |
| 260 ## - PUBLICATION, DISTRIBUTION, ETC. (IMPRINT) |
| Place of publication, distribution, etc. |
Bloomington, IN : |
| Name of publisher, distributor, etc. |
Solution Tree, |
| Date of publication, distribution, etc. |
c2007. |
| 300 ## - PHYSICAL DESCRIPTION |
| Extent |
viii, 267 p. : |
| Other physical details |
ill. ; |
| Dimensions |
24 cm. |
| 490 1# - SERIES STATEMENT |
| Series statement |
Leading edge ; |
| Volume/sequential designation |
2 |
| 504 ## - BIBLIOGRAPHY, ETC. NOTE |
| Bibliography, etc |
Includes bibliographical references. |
| 505 00 - FORMATTED CONTENTS NOTE |
| Title |
From the Bell curve to the mountain : a new vision for achievement, assessment, and equity / Douglas Reeves -- |
| -- |
Using assessments to improve teaching and learning / Thomas R. Guskey -- |
| -- |
Involving students in the classroom assessment process / Anne Davies -- |
| -- |
Assessment for learning : an essential foundation of productive instruction / Rick Stiggins -- |
| -- |
Common formative assessments : the centerpiece of an integrated standards-based assessment system / Larry Ainsworth -- |
| -- |
Designing a comprehensive approach to classroom assessment / Robert J. Marzano -- |
| -- |
The last frontier : tackling the grading dilemma / Ken O'Connor -- |
| -- |
The journey toward effective assessment for English language learners / Lisa Almeida -- |
| -- |
Crossing the canyon : helping students with special needs achieve proficiency / Linda A. Gregg -- |
| -- |
Content then process : teacher learning communities in the service of formative assessment / Dylan Wiliam -- |
| -- |
Data on purpose : due diligence to increase student achievement / Stephen White -- |
| -- |
Challenges and choices : the role of educational leaders in effective assessment / Douglas Reeves -- |
| -- |
Once upon a time : a tale of excellence in assessment / Richard DuFour. |
| 650 #0 - SUBJECT ADDED ENTRY--TOPICAL TERM |
| Topical term or geographic name as entry element |
Educational tests and measurements |
| Geographic subdivision |
United States. |
| 650 #0 - SUBJECT ADDED ENTRY--TOPICAL TERM |
| Topical term or geographic name as entry element |
Teaching |
| Geographic subdivision |
United States. |
| 650 #0 - SUBJECT ADDED ENTRY--TOPICAL TERM |
| Topical term or geographic name as entry element |
Academic achievement |
| Geographic subdivision |
United States. |
| 700 1# - ADDED ENTRY--PERSONAL NAME |
| Personal name |
Reeves, Douglas B., |
| Dates associated with a name |
1953- |
| 830 #0 - SERIES ADDED ENTRY--UNIFORM TITLE |
| Uniform title |
Leading edge (Bloomington, Ind.) ; |
| Volume number/sequential designation |
2. |
| 906 ## - LOCAL DATA ELEMENT F, LDF (RLIN) |
| a |
7 |
| b |
cbc |
| c |
copycat |
| d |
2 |
| e |
ncip |
| f |
20 |
| g |
y-gencatlg |
| 942 ## - ADDED ENTRY ELEMENTS (KOHA) |
| Source of classification or shelving scheme |
|
| Koha item type |
Hard Covered Materials |
| Classification part |
LB3051 .A554 2007 |